Local development in Moldova concepts and practices

Enregistré dans:
Détails bibliographiques
Auteur principal: Munteanu, Igor
Format: Livre
Langue:anglais
Publié: Budapest Open Society Institute 1999
Collection:Discussion papers No. 12
Sujets:
Tags: Ajouter un tag
Pas de tags, Soyez le premier à ajouter un tag!

MARC

LEADER 00000nam a2200000 4500
001 c115049
005 20221221084440.2
022 |a 1417-4855 
041 0 |a eng 
044 |a HU 
245 1 0 |a Local development in Moldova  |b concepts and practices  |c Igor Munteanu 
264 1 |a Budapest  |b Open Society Institute  |c 1999 
300 |a 59 s. 
490 1 |a Discussion papers  |v No. 12 
830 0 |a Discussion papers  |v No. 12 
610 2 0 |a správa verejná 
610 2 0 |a reformy 
610 2 0 |a projekty 
610 2 0 |a správa miestna 
610 2 0 |a demokracia 
610 2 0 |a modely 
610 2 0 |a financie 
610 2 0 |a reformy hospodárske 
610 2 0 |a spoločnosť občianska 
610 2 0 |a problémy spoločenské 
610 2 0 |a nezamestnanosť 
610 2 0 |a Moldavsko 
100 1 |a Munteanu, Igor